LIBRARY & INFORMATION CENTRE, KCAET, TAVANUR

ONLINE PUBLIC ACCESS CATALOGUE (OPAC)

Design and fabrication of low cost paddy thresher (Record no. 15056)

MARC details
000 -LEADER
fixed length control field 00687nam a22001697a 4500
003 - CONTROL NUMBER IDENTIFIER
control field OSt
088 ## - REPORT NUMBER
Report number P 11
100 ## - MAIN ENTRY--AUTHOR NAME
Personal name BABU V
-- SAISUNDAR S
-- SUNILKUMAR PANDEY
245 ## - TITLE STATEMENT
Title Design and fabrication of low cost paddy thresher
260 ## - PUBLICATION, DISTRIBUTION, ETC. (IMPRINT)
Place of publication Tavanur 1992
Name of publisher Kelappaji College of Agricultural Engineering and Technology
300 ## - PHYSICAL DESCRIPTION
Number of Pages 101
500 ## - GENERAL NOTE
General note Design and fabrication of low cost paddy thresher
520 ## - SUMMARY, ETC.
Summary, etc efficient thresher. KCAET Tavanur product. spike type threshing drum, feeding chute, cylinder cover, blower and frame single person operated machine.single phase electric motor
700 ## - ADDED ENTRY--PERSONAL NAME
Personal name Er. George Mathew (Guide)
942 ## - ADDED ENTRY ELEMENTS (KOHA)
Koha item type Project Report
Holdings
Collection code Home library Current library Shelving location Full call number Accession Number Koha item type
Reference KAUAET KAUAET Reference 631.56 BAB/DE P 11 Project Report
free website counter